[Event "Bergische SF 1 - Hellertaler SF 1"]
[Site "NRW-Klasse - Gruppe 4 2021/20"]
[Date "2022.05.22"]
[Round "9.5"]
[White "Siebel, Holger"]
[Black "Gelsok, Philipp"]
[Result "1/2-1/2"]
[WhiteElo "1772"]
[BlackElo "1980"]
[PlyCount "120"]
[EventDate "2022.??.??"]
[SourceVersionDate "2020.03.16"]
[WhiteTeam "Hellertaler SF 1"]
[BlackTeam "Bergische SF 1"]

1. d4 Nf6 2. c4 c5 3. d5 b5 4. cxb5 a6 5. bxa6 Bxa6 6. Nc3 g6 7. e4 Bxf1 8.
Kxf1 d6 9. Nge2 Bg7 10. h4 Nbd7 11. Nf4 h5 12. Qc2 Qa5 13. g3 O-O 14. Kg2 Rfb8
15. Bd2 Ne5 16. Rhb1 Nc4 17. Be1 Ng4 18. Kf3 Qb4 19. Nd3 Nge5+ 20. Nxe5 Nxe5+
21. Kg2 Nc4 22. Ne2 Qb5 23. Bc3 Bh6 24. a4 Qb3 25. Qxb3 Rxb3 26. f4 f5 27. Nc1
Rb7 28. b3 Ne3+ 29. Kf3 Nd1 30. Bd2 Bg7 31. Ra2 fxe4+ 32. Kxe4 Nc3+ 33. Bxc3
Bxc3 34. Ne2 Rb4+ 35. Kd3 Bf6 36. Nc3 c4+ 37. Kc2 Rc8 38. Ra3 Rc5 39. Kd2 Ra5
40. Kc2 cxb3+ 41. Rbxb3 Bxc3 42. Kxc3 Rbxa4 43. Rxa4 Rxa4 44. Kd3 Kf7 45. Ke3
Kf6 46. Rd3 Kf5 47. Kf3 Ra5 48. Re3 Rxd5 49. Rxe7 Rd3+ 50. Kf2 Ra3 51. Rd7 Rd3
52. Rf7+ Ke6 53. Rg7 Kf6 54. Rd7 d5 55. Rd8 Ke7 56. Rg8 Kf7 57. Rd8 Kf6 58.
Rf8+ Ke7 59. Rg8 Kf7 60. Rd8 Ke7 1/2-1/2

[Event "Bergische SF 1 - Hellertaler SF 1"]
[Site "NRW-Klasse - Gruppe 4 2021/20"]
[Date "2022.05.22"]
[Round "9.6"]
[White "Eilers, Jochen"]
[Black "Hassler, Rolf"]
[Result "1/2-1/2"]
[WhiteElo "1960"]
[BlackElo "1762"]
[PlyCount "52"]
[EventDate "2022.??.??"]
[SourceVersionDate "2020.03.16"]
[WhiteTeam "Bergische SF 1"]
[BlackTeam "Hellertaler SF 1"]

1. c4 f5 2. g3 Nf6 3. Bg2 g6 4. Nc3 Bg7 5. e3 e5 6. d3 Nc6 7. Nge2 d6 8. O-O
O-O 9. b3 Ne7 10. Bb2 g5 11. f4 Ng4 12. Qd2 Ng6 13. h3 Nh6 14. d4 e4 15. Kh2 g4
16. d5 Qe7 17. Nd1 gxh3 18. Bxh3 Ng4+ 19. Bxg4 fxg4 20. Nf2 h5 21. Bxg7 Kxg7
22. Qd4+ Kg8 23. Nxe4 Bf5 24. Ng5 Rae8 25. Rae1 Qxe3 26. Qxe3 Rxe3 1/2-1/2

[Event "Bergische SF 1 - Hellertaler SF 1"]
[Site "NRW-Klasse - Gruppe 4 2021/20"]
[Date "2022.05.22"]
[Round "9.7"]
[White "Herfel, Manfred"]
[Black "Thelen, Harm-Wulf"]
[Result "1/2-1/2"]
[WhiteElo "1715"]
[BlackElo "1929"]
[PlyCount "40"]
[EventDate "2022.??.??"]
[SourceVersionDate "2020.03.16"]
[WhiteTeam "Hellertaler SF 1"]
[BlackTeam "Bergische SF 1"]

1. d4 Nf6 2. Nf3 g6 3. g3 Bg7 4. Bg2 c5 5. e3 d5 6. O-O O-O 7. Nbd2 cxd4 8.
exd4 Nc6 9. Re1 Bf5 10. c3 Ne4 11. Nh4 Nxd2 12. Nxf5 gxf5 13. Bxd2 e6 14. Qh5
Qf6 15. Bf4 Rfe8 16. Re2 Qg6 17. Qf3 Rac8 18. Rae1 Red8 19. Kh1 Na5 20. b3 b6
1/2-1/2

[Event "Bergische SF 1 - Hellertaler SF 1"]
[Site "NRW-Klasse - Gruppe 4 2021/20"]
[Date "2022.05.22"]
[Round "9.8"]
[White "Lobbes, Frank"]
[Black "Kessler, Renè"]
[Result "1-0"]
[WhiteElo "1749"]
[BlackElo "1533"]
[PlyCount "41"]
[EventDate "2022.??.??"]
[SourceVersionDate "2020.03.16"]
[WhiteTeam "Bergische SF 1"]
[BlackTeam "Hellertaler SF 1"]

1. e4 c5 2. Nf3 e6 3. d3 Nc6 4. c3 d5 5. e5 d4 6. Be2 Nge7 7. Bf4 Nd5 8. Bg3
Be7 9. O-O O-O 10. c4 Nb6 11. Nbd2 Bd7 12. Ne4 f6 13. exf6 Bxf6 14. Nxc5 e5 15.
Nxd7 Qxd7 16. Nd2 Qf5 17. Ne4 Be7 18. a3 Kh8 19. b4 Nxc4 20. dxc4 Qxe4 21. Bd3
1-0

[Event "SV Bergneustadt/Derschlag 1 - SK Turm E"]
[Site "NRW-Klasse - Gruppe 4 2021/20"]
[Date "2022.05.22"]
[Round "9.1"]
[White "Vandenbergen, Nicolas"]
[Black "Stuemer, Paul"]
[Result "1-0"]
[WhiteElo "2132"]
[BlackElo "1971"]
[PlyCount "55"]
[EventDate "2022.??.??"]
[SourceVersionDate "2020.03.16"]
[WhiteTeam "SK Turm Euskirchen 1"]
[BlackTeam "SV Bergneustadt/Derschlag 1"]

1. Nc3 c5 2. Nf3 Nc6 3. d4 cxd4 4. Nxd4 g6 5. Nxc6 bxc6 6. Qd4 f6 7. e4 Nh6 8.
Bc4 Nf7 9. Be3 Bg7 10. h4 Kf8 11. f3 Qa5 12. Qd2 Ne5 13. Bb3 h5 14. O-O-O d6
15. f4 Ng4 16. Bd4 Bd7 17. Rhf1 Rd8 18. Qe2 Bc8 19. Qc4 e6 20. Qxc6 Ke7 21. Nb5
Qa6 22. Nxa7 Rd7 23. Nxc8+ Qxc8 24. Qxc8 Rxc8 25. Kb1 Bh6 26. g3 e5 27. fxe5
dxe5 28. Bc3 1-0

[Event "SV Bergneustadt/Derschlag 1 - SK Turm E"]
[Site "NRW-Klasse - Gruppe 4 2021/20"]
[Date "2022.05.22"]
[Round "9.2"]
[White "Michalik, Friedhelm"]
[Black "Neubauer, Juergen"]
[Result "0-1"]
[WhiteElo "2011"]
[BlackElo "2073"]
[PlyCount "46"]
[EventDate "2022.??.??"]
[SourceVersionDate "2020.03.16"]
[WhiteTeam "SV Bergneustadt/Derschlag 1"]
[BlackTeam "SK Turm Euskirchen 1"]

1. d4 c5 2. e3 e6 3. Nf3 Nf6 4. Bd3 d5 5. b3 Nc6 6. Bb2 b6 7. a3 Be7 8. Nbd2
Bb7 9. O-O O-O 10. Ne5 Nxe5 11. dxe5 Ne8 12. Qg4 g6 13. f4 Ng7 14. e4 f5 15.
exf6 Bxf6 16. e5 Be7 17. Rf3 c4 18. bxc4 dxc4 19. Be4 Qxd2 20. Bxb7 Qxc2 21.
Bd4 Rad8 22. Rf2 Qf5 23. Qd1 Bc5 0-1

[Event "SV Bergneustadt/Derschlag 1 - SK Turm E"]
[Site "NRW-Klasse - Gruppe 4 2021/20"]
[Date "2022.05.22"]
[Round "9.3"]
[White "Herzwurm, Robert"]
[Black "Wang, Andre"]
[Result "1-0"]
[WhiteElo "1999"]
[BlackElo "1976"]
[PlyCount "39"]
[EventDate "2022.??.??"]
[SourceVersionDate "2020.03.16"]
[WhiteTeam "SK Turm Euskirchen 1"]
[BlackTeam "SV Bergneustadt/Derschlag 1"]

1. e4 c5 2. Nc3 Nc6 3. Bb5 Nd4 4. Nf3 Nxb5 5. Nxb5 a6 6. Nc3 d6 7. d4 Bg4 8.
Be3 e6 9. h3 Bxf3 10. Qxf3 Qb6 11. O-O-O Nf6 12. dxc5 dxc5 13. e5 Nd7 14. Rxd7
Kxd7 15. Qxf7+ Kc8 16. Rd1 Kb8 17. Rd7 Qc6 18. b4 Ka7 19. bxc5 Rb8 20. Rc7 1-0

[Event "SV Bergneustadt/Derschlag 1 - SK Turm E"]
[Site "NRW-Klasse - Gruppe 4 2021/20"]
[Date "2022.05.22"]
[Round "9.4"]
[White "Linnenborn, Guido"]
[Black "Brinkmann, Sven"]
[Result "0-1"]
[WhiteElo "1880"]
[BlackElo "2002"]
[Annotator "daniel"]
[PlyCount "42"]
[EventDate "2022.??.??"]
[SourceVersionDate "2020.03.16"]
[WhiteTeam "SV Bergneustadt/Derschlag 1"]
[BlackTeam "SK Turm Euskirchen 1"]

1. c4 e5 2. Nc3 Nc6 3. Nf3 g6 4. d4 exd4 5. Nd5 Bg7 6. Bg5 Nce7 7. Nxd4 h6 8.
Bf4 Nxd5 9. cxd5 c5 10. dxc6 dxc6 11. e3 Nf6 12. Be2 Qa5+ 13. Kf1 O-O 14. Bd6
Re8 15. Qc2 Bg4 16. b4 Bxe2+ 17. Nxe2 $11 Qa6 18. Rc1 Nd5 19. Kg1 Rad8 20. Bc5
b6 21. Bd4 Nxb4 0-1

[Event "SV Bergneustadt/Derschlag 1 - SK Turm E"]
[Site "NRW-Klasse - Gruppe 4 2021/20"]
[Date "2022.05.22"]
[Round "9.5"]
[White "Weißhuhn, Gunnar"]
[Black "Blab, Ludwig"]
[Result "1/2-1/2"]
[WhiteElo "2047"]
[BlackElo "1929"]
[PlyCount "83"]
[EventDate "2022.??.??"]
[SourceVersionDate "2020.03.16"]
[WhiteTeam "SK Turm Euskirchen 1"]
[BlackTeam "SV Bergneustadt/Derschlag 1"]

1. d4 e6 2. c4 d5 3. Nf3 Nf6 4. g3 b6 5. Bg2 Bb7 6. O-O Nbd7 7. Bg5 Be7 8. Nc3
O-O 9. Qc2 Re8 10. Rad1 a6 11. Rfe1 dxc4 12. e4 b5 13. h4 h6 14. Bf4 Nh5 15.
Be3 Nhf6 16. Nh2 Qc8 17. f4 c5 18. d5 exd5 19. exd5 Bd6 20. Bf3 Nb6 21. Qg2 Qc7
22. Ng4 Nxg4 23. Bxg4 Re7 24. Bf2 Rae8 25. Rxe7 Rxe7 26. Bf3 f5 27. Rd2 Qd7 28.
Qf1 Qe8 29. Nd1 Kh8 30. Qh3 Bc8 31. Qf1 Qg6 32. Kh2 Bd7 33. Qg1 Re4 34. Bxe4
fxe4 35. Ne3 Qf6 36. Qg2 c3 37. bxc3 Qxc3 38. Rc2 Qd3 39. Bg1 c4 40. Rd2 Qc3
41. Rc2 Qd3 42. Rd2 1/2-1/2

[Event "SV Bergneustadt/Derschlag 1 - SK Turm E"]
[Site "NRW-Klasse - Gruppe 4 2021/20"]
[Date "2022.05.22"]
[Round "9.6"]
[White "Kiparski, Ekkehart"]
[Black "Scholzen, Wolfgang"]
[Result "1/2-1/2"]
[WhiteElo "1887"]
[BlackElo "2028"]
[PlyCount "94"]
[EventDate "2022.??.??"]
[SourceVersionDate "2020.03.16"]
[WhiteTeam "SV Bergneustadt/Derschlag 1"]
[BlackTeam "SK Turm Euskirchen 1"]

1. e4 e6 2. d4 d5 3. Nd2 Nf6 4. Bd3 c5 5. c3 cxd4 6. cxd4 Nc6 7. Ngf3 dxe4 8.
Nxe4 Bb4+ 9. Bd2 Bxd2+ 10. Qxd2 O-O 11. O-O-O a5 12. Qg5 Nb4 13. Nxf6+ Qxf6 14.
a3 Nxd3+ 15. Rxd3 Qxg5+ 16. Nxg5 Bd7 17. f3 Bc6 18. Kd2 Rfd8 19. Ke3 a4 20. Rc1
Ra5 21. Rc5 Rd5 22. Ne4 f6 23. Rxa5 Rxa5 24. Nc3 Kf7 25. g4 h5 26. h4 g5 27.
hxg5 Rxg5 28. gxh5 Rxh5 29. Rd2 Rh3 30. Rf2 Ke7 31. Ne4 Bxe4 32. Kxe4 Kd6 33.
Rc2 Rh5 34. Rc8 Rb5 35. Rd8+ Ke7 36. Ra8 Rxb2 37. Rxa4 Kd6 38. Ra8 f5+ 39. Kf4
Rb3 40. Rd8+ Ke7 41. Rb8 Kd7 42. a4 Kc7 43. Re8 Kd6 44. Rd8+ Kc7 45. Re8 Kd7
46. Rb8 Kc7 47. Re8 Kd7 1/2-1/2

[Event "SV Bergneustadt/Derschlag 1 - SK Turm E"]
[Site "NRW-Klasse - Gruppe 4 2021/20"]
[Date "2022.05.22"]
[Round "9.7"]
[White "Blumenthal, Ralf"]
[Black "Sailer, Hans-Peter"]
[Result "1/2-1/2"]
[WhiteElo "1863"]
[BlackElo "1810"]
[PlyCount "44"]
[EventDate "2022.??.??"]
[SourceVersionDate "2020.03.16"]
[WhiteTeam "SK Turm Euskirchen 1"]
[BlackTeam "SV Bergneustadt/Derschlag 1"]

1. Nf3 Nf6 2. g3 d5 3. Bg2 c5 4. d4 e6 5. O-O Nc6 6. c3 Bd6 7. Nbd2 O-O 8. Qc2
cxd4 9. Nxd4 Nxd4 10. cxd4 Bd7 11. e4 Rc8 12. Qd3 dxe4 13. Nxe4 Bc6 14. Nxf6+
Qxf6 15. d5 exd5 16. Bxd5 Be5 17. Bxc6 Rxc6 18. Rb1 Rfc8 19. Rd1 Rd6 20. Qe2
Rxd1+ 21. Qxd1 Bd4 22. Bf4 Qb6 1/2-1/2

[Event "SV Bergneustadt/Derschlag 1 - SK Turm E"]
[Site "NRW-Klasse - Gruppe 4 2021/20"]
[Date "2022.05.22"]
[Round "9.8"]
[White "Stahlschmidt, Timo"]
[Black "Reckers, Sebastian"]
[Result "1/2-1/2"]
[WhiteElo "1476"]
[BlackElo "1798"]
[PlyCount "66"]
[EventDate "2022.??.??"]
[SourceVersionDate "2020.03.16"]
[WhiteTeam "SV Bergneustadt/Derschlag 1"]
[BlackTeam "SK Turm Euskirchen 1"]

1. e4 e5 2. Nf3 Nc6 3. Bc4 Be7 4. d4 d6 5. h3 Nf6 6. Nc3 a6 7. a4 h6 8. Bb3 Bd7
9. Be3 exd4 10. Nxd4 Nxd4 11. Qxd4 O-O 12. O-O Re8 13. Nd5 Be6 14. Nxe7+ Qxe7
15. Bxe6 Qxe6 16. f3 d5 17. Qb4 Qc6 18. Bd4 dxe4 19. Bxf6 gxf6 20. fxe4 Rxe4
21. Qd2 Rae8 22. Qxh6 Re2 23. Rf3 Qc5+ 24. Kh2 R8e3 25. Qxf6 Rxf3 26. Qxf3 Qe5+
27. Kg1 Rxc2 28. Rf1 Qg7 29. b4 c6 30. Qe4 Rc3 31. Qe8+ Qf8 32. Qe4 Qg7 33.
Qe8+ Qf8 1/2-1/2